000 00389nam a2200157 a 4500
005 20140310183148.0
008 030124s19uu xx 00 eng d
050 _aPZ 3
_b.F38 1956
100 _aFerber, Edna
245 _aGiant /
_cEdna Ferber.
260 _aNew York :
_bPocket Books,
_c1956.
300 _a389 p. :
_c18 cm.
650 _aFiction
942 _cBK
_2lcc
999 _c19599
_d19599